| 000 | 00647nam a2200217Ia 4500 | ||
|---|---|---|---|
| 005 | 20260704175958.0 | ||
| 008 | 260704s9999||||xx |||||||||||||| ||und|| | ||
| 020 |
_a9780141037424 _qpbk |
||
| 082 |
_a823.912 _bLAW |
||
| 100 | _aLawrence, D. H. | ||
| 245 | 0 | _aLady Chatterley's lover | |
| 250 | _a1st pub. 1928 | ||
| 260 |
_aVictoria _bPenguin Books/ Penguin Group (Australia) _c2008 |
||
| 300 | _a314p. ; 18cm. | ||
| 653 | _aAdultery--Fiction | ||
| 653 | _aEngland -- Social conditions -- 20th century -- Fiction | ||
| 653 | _aGamekeepers--Fiction | ||
| 653 | _aGamekeepers--Fiction | ||
| 653 | _aMarried women--Fiction | ||
| 942 | _cBK | ||
| 999 |
_c57378 _d57378 |
||